Quiz de Múltipla Escolha de Cidades - Paris - Statistics

Estatísticas Gerais
  • Esse quiz foi jogado 49 vezes
  • A pontuação média é 5 de 10
Estatísticas das Respostas
Questão Resposta % Correto
Que rio atravessa Paris? Sena
89%
Em homenagem a quem o principal aeroporto internacional de Paris recebeu esse nome? Charles de Gaulle
77%
Que esporte é praticado no Stade Roland Garros? Tênis
74%
Em que ano começou a construção de Notre-Dame de Paris? 1163
57%
Paris sediou os Jogos Olímpicos de Verão três vezes. Em que ano NÃO foi uma delas? 1980
47%
Qual era o nome romano de Paris? Lutetia
47%
Que país sitiou e capturou Paris em 1871? Prússia
43%
Qual destes NÃO é um marco parisiense?
40%
O lema de Paris é “Fluctuat nec mergitur”. O que isto significa? Ela é balançada pelas ondas, mas não afunda
32%
Como são chamadas as 20 subdivisões de Paris? Arrondissements
30%
Nenhum quiz correspondente encontrado
Distribuição das Pontuações
Porcentagem de Pessoas com Cada Pontuação
Percentil de Números Respondidos
Sua Pontuação Histórica
Você não jogou esse quiz